000
00271 a2200097 4500
020
_a
9789381579473
100
_a
ELAKKUVANA BHASKARA RAJ
_9
106525
245
_a
MENTAL HEALTH (PSYCHIATRIC)NURSING MSC 1ST & 2ND YEAR
250
_a
2ND
260
_b
EMMESS MEDICAL PUBLISHERS
_c
2017
999
_c
97424
_d
97424